[Event "Chigorin Memorial"]
[Site "St Petersburg"]
[Date "2015.10.09"]
[Round "7.76"]
[White "Stepanov, Andrey"]
[Black "Saveliev, Alexei"]
[Result "0-1"]
[WhiteElo "1980"]
[BlackElo "2253"]
[PlyCount "96"]
[EventDate "2015.10.03"]
[EventRounds "9"]
[EventCountry "RUS"]

1. e4 c5 2. Nf3 d6 3. d4 cxd4 4. Nxd4 Nf6 5. Nc3 Nc6 6. Bg5 e6 7. Qd2 a6 8.
O-O-O Bd7 9. f4 Be7 10. Bxf6 Bxf6 11. Nde2 Be7 12. g4 b5 13. Nd4 Rc8 14. Kb1
Qc7 15. Nxc6 Bxc6 16. Bd3 O-O 17. g5 Rfd8 18. Ne2 e5 19. fxe5 d5 20. exd5 Rxd5
21. Rhg1 Qxe5 22. Nf4 Bxg5 23. Rxg5 Qxg5 24. Nxd5 Qxd5 25. Bxh7+ Kxh7 26. Qxd5
Bxd5 27. Rxd5 Rc6 28. c3 Rh6 29. Rd2 f5 30. Kc2 g5 31. Rf2 Kg6 32. Kd3 g4 33.
b3 Kg5 34. c4 bxc4+ 35. bxc4 f4 36. Rc2 Rd6+ 37. Ke2 Kh4 38. c5 Rc6 39. Rc4 Kh3
40. Rxf4 Rxc5 41. Kd3 Rc1 42. Ke4 Rc2 43. Kf5 Rxa2 44. Kg5 a5 45. Rc4 Rxh2 46.
Ra4 g3 47. Rxa5 Rf2 48. Ra3 Rf8 0-1

[Event "Chigorin Memorial"]
[Site "St Petersburg"]
[Date "2015.10.09"]
[Round "7.77"]
[White "Abasheeva, Ksenia"]
[Black "Kakabayaev, Mergen"]
[Result "0-1"]
[WhiteElo "1780"]
[BlackElo "2239"]
[PlyCount "122"]
[EventDate "2015.10.03"]
[EventRounds "9"]
[EventCountry "RUS"]

1. e4 e6 2. d4 d5 3. Nd2 c5 4. exd5 Qxd5 5. Ngf3 cxd4 6. Bc4 Qd6 7. O-O Nf6 8.
Nb3 Be7 9. Nbxd4 a6 10. Re1 O-O 11. Bg5 Bd7 12. Ne5 Nc6 13. Nxd7 Qxd4 14. Nxf8
Qxc4 15. Nd7 Rd8 16. b3 Qb4 17. a3 Qa5 18. Bxf6 gxf6 19. Qg4+ Kh8 20. Red1 Qc7
21. Rd3 Rg8 22. Qh4 Rg6 23. Rh3 h6 24. Rd1 e5 25. Qc4 Kg7 26. Rhd3 b5 27. Qe4
Nd8 28. f4 Rg4 29. Rg3 Rxg3 30. hxg3 Qa7+ 31. Kh1 Qf2 32. Kh2 Ne6 33. fxe5 f5
34. Qf3 Qxc2 35. g4 Ng5 36. Qd3 Qxd3 37. Rxd3 fxg4 38. Rd4 h5 39. a4 Kg6 40.
Nb8 Bc5 41. Rd2 bxa4 42. Nxa6 Be3 43. Re2 Bf4+ 44. g3 Bxe5 45. Kg2 Nf3 46. bxa4
h4 47. gxh4 Nxh4+ 48. Kg1 f5 49. Nb4 Bd4+ 50. Kh2 f4 51. Nc6 g3+ 52. Kh3 f3 53.
Nxd4 f2 54. Kxh4 f1=Q 55. Kxg3 Qg1+ 56. Kf4 Qxd4+ 57. Re4 Qd6+ 58. Ke3 Kf5 59.
Rc4 Qd5 60. Rb4 Qc5+ 61. Rd4 Ke5 0-1

[Event "Chigorin Memorial"]
[Site "St Petersburg"]
[Date "2015.10.09"]
[Round "7.78"]
[White "Litvinov, Maxim"]
[Black "Opanasenko, Mikhail"]
[Result "1/2-1/2"]
[WhiteElo "2397"]
[BlackElo "2153"]
[PlyCount "59"]
[EventDate "2015.10.03"]
[EventRounds "9"]
[EventCountry "RUS"]

1. e4 e6 2. d3 c5 3. Nf3 Nc6 4. g3 Nge7 5. Bg2 g6 6. O-O Bg7 7. c3 e5 8. Be3 d6
9. d4 exd4 10. cxd4 Qb6 11. Nc3 Qxb2 12. Qd3 Nb4 13. Qd2 Qxd2 14. Bxd2 Nc2 15.
Rac1 Nxd4 16. Nxd4 cxd4 17. Nb5 O-O 18. Rc7 Nc6 19. Nxd6 Be5 20. Bf4 Rd8 21.
Bxe5 Nxe5 22. Nxb7 Bxb7 23. Rxb7 d3 24. Rb5 Nc4 25. Rd1 Rac8 26. Bf3 Nb6 27.
Rb2 Nc4 28. Rb5 Nb6 29. Rb2 Nc4 30. Rb5 1/2-1/2

[Event "Chigorin Memorial"]
[Site "St Petersburg"]
[Date "2015.10.09"]
[Round "7.79"]
[White "Tsirulnik, Maritsa"]
[Black "Igonin, Temur"]
[Result "0-1"]
[WhiteElo "2153"]
[BlackElo "2390"]
[PlyCount "62"]
[EventDate "2015.10.03"]
[EventRounds "9"]
[EventCountry "RUS"]

1. c4 e5 2. e3 g6 3. Nc3 Bg7 4. g3 d6 5. Bg2 f5 6. Nge2 Nf6 7. O-O O-O 8. d3
Nc6 9. Rb1 a5 10. a3 Ne7 11. b4 axb4 12. Rxb4 c6 13. Na4 Ra7 14. Nec3 g5 15. f4
h6 16. Qb3 Ng6 17. fxg5 hxg5 18. e4 f4 19. c5+ Kh8 20. d4 dxc5 21. Nxc5 exd4
22. Ne2 Qd6 23. Qc4 Ne5 24. Qxd4 Nd5 25. exd5 Nf3+ 26. Bxf3 Bxd4+ 27. Rxd4 Qxc5
28. Bb2 Qb6 29. Rb1 Kg8 30. Be4 f3 31. Bc3 f2+ 0-1

[Event "Chigorin Memorial"]
[Site "St Petersburg"]
[Date "2015.10.09"]
[Round "7.80"]
[White "Fraiman, Dmitry"]
[Black "Schekachikhin, Maksim"]
[Result "0-1"]
[WhiteElo "2122"]
[BlackElo "2320"]
[PlyCount "110"]
[EventDate "2015.10.03"]
[EventRounds "9"]
[EventCountry "RUS"]

1. e4 c5 2. Nf3 e6 3. d4 cxd4 4. Nxd4 Nc6 5. Nc3 Qc7 6. g3 a6 7. Bg2 Nge7 8.
Nb3 d6 9. f4 g6 10. Be3 Bg7 11. Qd2 Bd7 12. O-O-O Nc8 13. Kb1 b5 14. e5 d5 15.
Nc5 N6e7 16. g4 Nb6 17. b3 g5 18. N5e4 gxf4 19. Nd6+ Kf8 20. Bxf4 Ng6 21. Rhf1
Be8 22. Nxd5 Nxd5 23. Bxd5 exd5 24. Qxd5 Rd8 25. Bg5 Rxd6 26. Qxd6+ Qxd6 27.
exd6 Bd7 28. Rde1 h6 29. Bf6 Bxf6 30. Rxf6 Kg7 31. Rf2 Bxg4 32. Kb2 Be6 33. Re4
Rc8 34. a4 Bd7 35. axb5 axb5 36. h4 f5 37. Rd4 Kf6 38. Ka3 Ne5 39. Rg2 Nf3 40.
Rf4 Ne5 41. Rd2 Rc6 42. Kb4 Rxc2 43. Rxc2 Nd3+ 44. Kc3 Nxf4 45. Kd4 Ke6 46. Rf2
Nh5 47. Rg2 Nf6 48. Rg6 h5 49. Kc5 Ke5 50. Kb6 f4 51. Kc7 Bf5 52. Rg1 f3 53.
Re1+ Kf4 54. Rd1 f2 55. Kb6 Bd7 0-1

[Event "Chigorin Memorial"]
[Site "St Petersburg"]
[Date "2015.10.09"]
[Round "7.81"]
[White "Lagashin, Pavel"]
[Black "Samdanov, Samdan"]
[Result "1-0"]
[WhiteElo "2107"]
[BlackElo "2315"]
[PlyCount "105"]
[EventDate "2015.10.03"]
[EventRounds "9"]
[EventCountry "RUS"]

1. d4 g6 2. c4 Bg7 3. Nf3 Nf6 4. g3 c5 5. Bg2 Qa5+ 6. Nc3 Ne4 7. O-O Nxc3 8.
bxc3 d6 9. Bg5 Nd7 10. Rb1 h6 11. Be3 O-O 12. Qd2 Kh7 13. dxc5 dxc5 14. h4 Qxc3
15. Bxh6 Qxc4 16. Bxg7 Kxg7 17. h5 Qg4 18. hxg6 Qxg6 19. Nh4 Qf6 20. Bxb7 Bxb7
21. Rxb7 Ne5 22. Rxe7 Rh8 23. Qc3 Ng4 24. Qxc5 Rxh4 25. gxh4 Qxh4 26. Qc7 Rg8
27. Kg2 Nh6 28. Re3 Nf5 29. Qe5+ Kf8+ 30. Rg3 Nxg3 31. fxg3 Qc4 32. Rb1 Qc6+
33. Kf2 f6 34. Qb8+ Kg7 35. Qxa7+ Kg6 36. Qd4 Rh8 37. Rb6 Rh2+ 38. Ke3 Qc1+ 39.
Kd3 Qd1+ 40. Kc3 Qxd4+ 41. Kxd4 Rxe2 42. a3 Kg5 43. Rb3 Kg4 44. Kc5 Re5+ 45.
Kd6 Kh3 46. a4 Ra5 47. Ra3 f5 48. Kc6 Kg4 49. Kb6 Rxa4 50. Rxa4+ Kxg3 51. Kc5
f4 52. Kd4 f3 53. Ke3 1-0

[Event "Chigorin Memorial"]
[Site "St Petersburg"]
[Date "2015.10.09"]
[Round "7.82"]
[White "Hojjatova, Aydan"]
[Black "Bratus, Petr P"]
[Result "1-0"]
[WhiteElo "2315"]
[BlackElo "2124"]
[PlyCount "97"]
[EventDate "2015.10.03"]
[EventRounds "9"]
[EventCountry "RUS"]

1. b3 e5 2. Bb2 Nc6 3. e3 g6 4. Bb5 Nge7 5. f4 Bg7 6. Nf3 a6 7. Bxc6 Nxc6 8.
fxe5 d6 9. d4 dxe5 10. d5 Ne7 11. c4 Nf5 12. e4 Nd4 13. Nxd4 Qh4+ 14. g3 Qxe4+
15. Kf2 g5 16. Re1 Qg6 17. Nf3 f6 18. Nbd2 O-O 19. Qe2 Bd7 20. Ne4 Rae8 21. Nc5
Bc8 22. Ne6 Bxe6 23. dxe6 Rxe6 24. c5 Rfe8 25. Qc4 Qf7 26. Kg1 h6 27. Re2 Qe7
28. Rae1 Bf8 29. b4 Qf7 30. Rf1 R6e7 31. Qe4 Qxa2 32. Qxb7 Qc4 33. Rfe1 a5 34.
Re4 Qb3 35. R4e2 axb4 36. Qe4 Kg7 37. h4 Rd7 38. hxg5 hxg5 39. Kg2 Qd3 40. Qg4
Kg6 41. Bc1 Rg7 42. Rd2 Qb5 43. Rh1 Kf7 44. Qh5+ Rg6 45. Nxg5+ fxg5 46. Rf2+
Ke7 47. Qxg6 Qxc5 48. Bxg5+ Kd7 49. Rd1+ 1-0

[Event "Chigorin Memorial"]
[Site "St Petersburg"]
[Date "2015.10.09"]
[Round "7.83"]
[White "Rozhko, Dmitry"]
[Black "Lazhevskaya, Zhanni"]
[Result "1-0"]
[WhiteElo "2298"]
[BlackElo "2098"]
[PlyCount "319"]
[EventDate "2015.10.03"]
[EventRounds "9"]
[EventCountry "RUS"]

1. d4 d5 2. Nf3 Nf6 3. c4 dxc4 4. e3 Bg4 5. Bxc4 e6 6. Nc3 Nbd7 7. h3 Bh5 8.
O-O Bd6 9. e4 e5 10. Be2 O-O 11. Be3 Re8 12. d5 Bb4 13. Nd2 Bg6 14. Bf3 Nc5 15.
Bxc5 Bxc5 16. Rc1 a6 17. Na4 Bd4 18. b4 Qd6 19. Nc5 b6 20. Nd3 Nxd5 21. Nc4 Qf6
22. Ndxe5 Bxe5 23. exd5 Bf4 24. Ne3 Qg5 25. Re1 Rad8 26. Qd4 h5 27. Rcd1 Be5
28. Qc4 b5 29. Qb3 Re7 30. Nf1 Rde8 31. Re3 Bf5 32. Be2 Bf4 33. Rxe7 Rxe7 34.
Bf3 Bxh3 35. d6 Bxd6 36. Rd5 Qg6 37. Rd4 Re5 38. Kh1 Re1 39. Rd1 Be6 40. Rxe1
Bxb3 41. axb3 Bxb4 42. Re8+ Kh7 43. Ng3 f5 44. Bxh5 Qh6 45. Kg1 f4 46. Bf7 g6
47. Ne4 f3 48. gxf3 Qc1+ 49. Kg2 Kg7 50. Bd5 Bf8 51. Rd8 c5 52. Rd7+ Kh6 53.
Nf6 c4 54. bxc4 bxc4 55. f4 Qxf4 56. Rh7+ Kg5 57. Ne4+ Kf5 58. Rf7+ Ke5 59.
Rxf4 Kxf4 60. Nc3 Ke5 61. Bf7 g5 62. Ne2 a5 63. Bxc4 Bd6 64. Bb3 Bb4 65. Kf3
Be1 66. Ke3 g4 67. Bd1 Bb4 68. Nc1 Bc5+ 69. Ke2 Bd6 70. Kf1 Kf4 71. Kg2 Kg5 72.
Ne2 Be5 73. Bc2 Bc7 74. Nc3 Be5 75. Nd5 Bd6 76. Bd1 Bc5 77. Ba4 Bd4 78. Bd7 Bc5
79. Ne3 Kf4 80. Nd5+ Kg5 81. Ba4 Bd4 82. Bd1 Bc5 83. Ne3 Kf4 84. Nxg4 a4 85.
Nf6 a3 86. Nd5+ Ke4 87. Nc3+ Kd3 88. Na2 Ke4 89. Kg3 Kf5 90. Bc2+ Kf6 91. f4
Bd4 92. Kf3 Bc5 93. Ke4 Bd6 94. f5 Be5 95. Kd5 Bb2 96. Kc4 Ke5 97. Kb3 Kd6 98.
Nc3 Ke5 99. Nb1 Kf6 100. Nxa3 Be5 101. Kc4 Ba1 102. Kd5 Bb2 103. Nc4 Ba1 104.
Nb6 Ke7 105. Ke4 Bb2 106. Nd5+ Kd6 107. Bd1 Kd7 108. f6 Kd6 109. Bg4 Ba1 110.
f7 Bg7 111. Nf4 Ke7 112. Be6 Kf6 113. Bc4 Bf8 114. Nd3 Bd6 115. Ne5 Kg7 116.
Nd7 Be7 117. Kf5 Ba3 118. Ke6 Bb4 119. Ne5 Ba3 120. Kd7 Kf8 121. Kd8 Be7+ 122.
Kd7 Ba3 123. Ng4 Bb4 124. Ne3 Ba3 125. Nf5 Bc5 126. Ke6 Bb4 127. Kf6 Bc3+ 128.
Kg6 Bf6 129. Ng3 Bc3 130. Ne4 Bb4 131. Ng5 Ke7 132. Ne6 Kd7 133. f8=Q Bxf8 134.
Nxf8+ Kd6 135. Kf6 Kc5 136. Be6 Kd4 137. Nd7 Ke4 138. Ne5 Kd4 139. Kf5 Kc3 140.
Ke4 Kb2 141. Kd3 Ka1 142. Kc3 Kb1 143. Nf3 Ka1 144. Nd4 Kb1 145. Nc2 Kc1 146.
Ba2 Kd1 147. Nd4 Kc1 148. Ne2+ Kd1 149. Kd3 Ke1 150. Ke3 Kd1 151. Bb3+ Ke1 152.
Ba4 Kf1 153. Nf4 Ke1 154. Ng2+ Kf1 155. Kf3 Kg1 156. Kg3 Kh1 157. Bb5 Kg1 158.
Nf4 Kh1 159. Ba6 Kg1 160. Nh3+ 1-0

[Event "Chigorin Memorial"]
[Site "St Petersburg"]
[Date "2015.10.09"]
[Round "7.84"]
[White "Beznosikov, Vladimir"]
[Black "Yakimenko, Alexander A"]
[Result "0-1"]
[WhiteElo "2298"]
[BlackElo "2090"]
[PlyCount "152"]
[EventDate "2015.10.03"]
[EventRounds "9"]
[EventCountry "RUS"]

1. e4 e6 2. Nf3 d5 3. Nc3 Nf6 4. e5 Ne4 5. Nb1 Bc5 6. d4 Be7 7. Bd3 b6 8. O-O
Bb7 9. Qe2 Nd7 10. Nbd2 f5 11. exf6 Ndxf6 12. Ne5 O-O 13. Ndf3 c5 14. c3 Qe8
15. Ng5 Bd6 16. Bb5 Qe7 17. f3 Nxg5 18. Bxg5 a6 19. Bd3 c4 20. Bc2 Rae8 21.
Rae1 Qc7 22. Qd2 Bc8 23. Bh4 Nd7 24. Bg3 Nxe5 25. Bxe5 Bxe5 26. Rxe5 Re7 27.
Rfe1 Ref7 28. Qg5 Rf6 29. Qh4 Rh6 30. Qg3 Qf7 31. Rg5 Rf6 32. Re3 Qd7 33. h4 b5
34. h5 h6 35. Rg6 Qe7 36. Re5 Bd7 37. Rg4 Be8 38. Qe1 Qd6 39. Kf2 a5 40. a3 Bd7
41. Qd2 Rb8 42. Bb1 b4 43. axb4 axb4 44. Qc2 Rf5 45. Qc1 bxc3 46. Qxh6 Qf8 47.
Re2 Rxb2 48. Bxf5 exf5 49. Rg6 Qe7 50. Qe3 Qxe3+ 51. Kxe3 c2 52. Rxc2 Rxc2 53.
h6 Be8 54. Rxg7+ Kh8 55. Re7 Bg6 56. g3 Rh2 57. Rd7 c3 58. Kf4 c2 59. Rc7 Rg2
60. Ke5 Rxg3 61. Rxc2 Rxf3 62. Rc7 f4 63. Kxd5 Re3 64. Rg7 Bc2 65. Kc5 f3 66.
Rf7 Kg8 67. Rf6 Be4 68. d5 Rd3 69. d6 Rd2 70. Kb6 Rd5 71. Kc7 Rc5+ 72. Kb8 Rb5+
73. Kc7 Rb7+ 74. Kc8 Rf7 75. d7 Rxf6 76. d8=Q+ Rf8 0-1

[Event "Chigorin Memorial"]
[Site "St Petersburg"]
[Date "2015.10.09"]
[Round "7.85"]
[White "Isakov, Andrey"]
[Black "Kopylov, Yuriy"]
[Result "1-0"]
[WhiteElo "2286"]
[BlackElo "2088"]
[PlyCount "51"]
[EventDate "2015.10.03"]
[EventRounds "9"]
[EventCountry "RUS"]

1. e4 c5 2. Nf3 Nc6 3. Bb5 g6 4. O-O Bg7 5. c3 Qb6 6. Na3 a6 7. Ba4 Qc7 8. d4
b5 9. Bb3 c4 10. Bc2 d6 11. Re1 e5 12. b3 cxb3 13. axb3 Nge7 14. dxe5 Nxe5 15.
Nxb5 axb5 16. Rxa8 Nxf3+ 17. Qxf3 Bxc3 18. Rd1 O-O 19. Bh6 Bg7 20. Bxg7 Kxg7
21. Qd3 Kg8 22. Bb1 b4 23. Qxd6 Qb7 24. Rb8 Qa7 25. Qxb4 Qc7 26. Qd6 1-0

[Event "Chigorin Memorial"]
[Site "St Petersburg"]
[Date "2015.10.09"]
[Round "7.86"]
[White "Kurilo, Vladislav"]
[Black "Shemeakin, Alexander"]
[Result "0-1"]
[WhiteElo "2088"]
[BlackElo "2275"]
[PlyCount "86"]
[EventDate "2015.10.03"]
[EventRounds "9"]
[EventCountry "RUS"]

1. c4 c6 2. e4 d6 3. d4 Nf6 4. Nc3 e5 5. f3 Be7 6. Be3 O-O 7. d5 cxd5 8. cxd5
Nbd7 9. Bd3 Nh5 10. Qd2 Nf4 11. g3 Nxd3+ 12. Qxd3 b5 13. a3 Nc5 14. Bxc5 dxc5
15. Qxb5 Qc7 16. Qc4 Qb6 17. Qb5 Qh6 18. Nge2 Bh3 19. Qd3 Rab8 20. Nd1 c4 21.
Qe3 Bg5 22. f4 exf4 23. gxf4 Bd8 24. Nf2 Rb3 25. Qd2 Bb6 26. Nc3 Rb8 27. Rb1
Bg2 28. Rg1 Qxh2 29. Rxg2 Qxg2 30. Nfd1 Qg1+ 31. Ke2 Qg4+ 32. Kf1 Qf3+ 33. Ke1
Bd8 34. Qe2 Qxf4 35. Qxc4 Bf6 36. Qd3 Bh4+ 37. Ke2 Qh2+ 38. Kf3 Qh3+ 39. Ke2
Qg2+ 40. Ke3 Bg5+ 41. Kd4 Qg1+ 42. Kc4 Qb6 43. Qg3 Bd2 0-1

[Event "Chigorin Memorial"]
[Site "St Petersburg"]
[Date "2015.10.09"]
[Round "7.88"]
[White "Melnikov, Dmitry"]
[Black "Kuznetsov, Felix"]
[Result "1-0"]
[WhiteElo "2272"]
[BlackElo "2074"]
[PlyCount "103"]
[EventDate "2015.10.03"]
[EventRounds "9"]
[EventCountry "RUS"]

1. b3 Nf6 2. Bb2 b6 3. e3 Bb7 4. Nf3 e6 5. Be2 Be7 6. O-O O-O 7. d4 d5 8. c4
Nbd7 9. Nc3 c5 10. Qc2 Rc8 11. Rfd1 Qc7 12. cxd5 cxd4 13. dxe6 dxc3 14. exd7
Nxd7 15. Qxc3 Qxc3 16. Bxc3 Nf6 17. Bd4 Nd5 18. Bc4 Nb4 19. Bb2 Bxf3 20. gxf3
Rfd8 21. Kf1 a5 22. a4 Kf8 23. f4 Bc5 24. Ke2 f6 25. h4 Nc6 26. Kf3 Nb4 27. Ke2
Nc6 28. h5 h6 29. Kf3 Nb4 30. Ke4 Nc6 31. Kf3 Nb4 32. Be6 Rb8 33. Ke4 Re8 34.
Kf5 Rbd8 35. Bd7 Re7 36. Bb5 Rc8 37. Rd2 Rec7 38. Rad1 Be7 39. Ke6 Rc5 40. Bd4
Rxh5 41. Bxb6 Rb8 42. Bd8 Rb7 43. Bxa5 Kg8 44. Rd7 Rxd7 45. Rxd7 Bc5 46. Rd8+
Kh7 47. Bxb4 Bxb4 48. Bd3+ g6 49. Rd7+ Kg8 50. Kxf6 Ra5 51. Rd8+ Bf8 52. Bc4+
1-0

[Event "Chigorin Memorial"]
[Site "St Petersburg"]
[Date "2015.10.09"]
[Round "7.89"]
[White "Tishova, Svetlana"]
[Black "Balaian, Alina"]
[Result "1-0"]
[WhiteElo "2058"]
[BlackElo "2269"]
[PlyCount "165"]
[EventDate "2015.10.03"]
[EventRounds "9"]
[EventCountry "RUS"]

1. e4 e6 2. d4 d5 3. Nc3 Bb4 4. exd5 exd5 5. Bd3 Nc6 6. Nge2 Nge7 7. a3 Bxc3+
8. bxc3 Bf5 9. Ng3 Bg6 10. O-O O-O 11. a4 Nc8 12. Qg4 Nd6 13. Bg5 f6 14. Bxg6
hxg6 15. Bf4 Qe8 16. Rfe1 Qf7 17. Bxd6 cxd6 18. Ne2 Rfe8 19. Qg3 Rad8 20. h4
Re4 21. Nf4 Ne7 22. Qf3 Nf5 23. Nxd5 Rxh4 24. g3 Rh6 25. a5 Rd7 26. Rab1 Rh5
27. Nf4 Rh6 28. Qe4 Rh8 29. Kg2 Kh7 30. Qe6 Qxe6 31. Rxe6 Rc8 32. Nd5 Rf8 33.
Rbe1 g5 34. Kf3 Kg6 35. Ne7+ Nxe7 36. Rxe7 Rf7 37. Rxd7 Rxd7 38. Rb1 d5 39. Rb5
Kf7 40. Ke3 Ke6 41. Kd3 g6 42. c4 dxc4+ 43. Kxc4 Re7 44. Kd3 g4 45. c4 Rc7 46.
Rb2 f5 47. d5+ Kd6 48. Kd4 g5 49. Re2 Rg7 50. c5+ Kd7 51. Rb2 Kc7 52. Ke5 Rf7
53. Ke6 Rf8 54. Ke7 Rh8 55. Rd2 Rh7+ 56. Kf6 f4 57. Kxg5 fxg3 58. fxg3 Rg7+ 59.
Kf6 Rg8 60. Rd4 Kd7 61. Rb4 Kc7 62. Kf5 Rf8+ 63. Ke6 Re8+ 64. Kf6 Rg8 65. Re4
Rf8+ 66. Ke7 Rh8 67. Rxg4 Rh5 68. Rd4 Re5+ 69. Kf6 Re1 70. g4 Rf1+ 71. Ke6 Re1+
72. Kf5 Rf1+ 73. Kg6 Rc1 74. d6+ Kd7 75. Rd5 b5 76. cxb6 axb6 77. axb6 Rb1 78.
g5 Rxb6 79. Kf7 Rb1 80. g6 Rf1+ 81. Kg8 Ke6 82. d7 Rh1 83. Rd6+ 1-0

[Event "Chigorin Memorial"]
[Site "St Petersburg"]
[Date "2015.10.09"]
[Round "7.91"]
[White "Volkov, Anton"]
[Black "Illina, Natalia"]
[Result "1-0"]
[WhiteElo "2255"]
[BlackElo "2041"]
[PlyCount "73"]
[EventDate "2015.10.03"]
[EventRounds "9"]
[EventCountry "RUS"]

1. d4 Nf6 2. c4 e6 3. g3 Bb4+ 4. Bd2 Qe7 5. Nf3 Nc6 6. Nc3 Bxc3 7. Bxc3 Ne4 8.
Rc1 O-O 9. Bg2 d6 10. d5 Nxc3 11. Rxc3 Nd8 12. O-O Bd7 13. b4 Qf6 14. Qd2 Rb8
15. e4 Re8 16. Nd4 e5 17. Nb5 a6 18. Nxc7 Re7 19. b5 Bg4 20. b6 Rc8 21. a4
Rexc7 22. bxc7 Rxc7 23. h3 Bc8 24. Rb1 Qe7 25. c5 dxc5 26. d6 Qd7 27. Qd5 Rc6
28. Rd1 Ne6 29. Qxe5 b5 30. f4 c4 31. axb5 Rc5 32. Rd5 f6 33. Qf5 g6 34. Qxf6
axb5 35. Rxc5 Nxc5 36. e5 Nd3 37. Bd5+ 1-0

[Event "Chigorin Memorial"]
[Site "St Petersburg"]
[Date "2015.10.09"]
[Round "7.92"]
[White "Golikov, Daniil"]
[Black "Vaseptsov, Maxim"]
[Result "1-0"]
[WhiteElo "2039"]
[BlackElo "2241"]
[PlyCount "135"]
[EventDate "2015.10.03"]
[EventRounds "9"]
[EventCountry "RUS"]

1. d4 Nf6 2. c4 e6 3. Nc3 Bb4 4. e3 O-O 5. Nge2 c6 6. a3 Ba5 7. b4 Bc7 8. Ng3
d5 9. cxd5 exd5 10. Bd3 Re8 11. O-O Nbd7 12. b5 Nf8 13. bxc6 bxc6 14. Bd2 Ng4
15. Nce2 Ng6 16. Qc2 Bd7 17. h3 Nf6 18. Bf5 Rc8 19. Bxd7 Qxd7 20. Rfc1 Bb8 21.
Ba5 Re6 22. Rab1 h5 23. Rb3 h4 24. Nf1 Ne4 25. Rcb1 Ree8 26. Nc3 Nd6 27. Bb4
Nf8 28. Bxd6 Qxd6 29. Qf5 Nd7 30. Qg5 Qe7 31. Qxe7 Rxe7 32. Nd2 f6 33. Na4 Kf7
34. Nc5 Nb6 35. Rc1 Bd6 36. Rbc3 Ke8 37. Nd3 Rec7 38. Nc5 Bxc5 39. dxc5 Nd7 40.
f4 Rb8 41. Nf3 Rb2 42. Nxh4 Kf7 43. Nf5 g6 44. Nd4 Nb8 45. R1c2 Rb1+ 46. Kf2
Rcb7 47. Rc1 R1b2+ 48. R3c2 a5 49. Ke2 a4 50. Kd3 Ke8 51. g4 Kd7 52. h4 Na6 53.
e4 dxe4+ 54. Kxe4 Rxc2 55. Rxc2 Rb1 56. g5 Re1+ 57. Kf3 fxg5 58. hxg5 Rf1+ 59.
Kg3 Rd1 60. Nf3 Rd3 61. Kg4 Rxa3 62. Ne5+ Ke6 63. Nxg6 Ra1 64. f5+ Kf7 65. Ne5+
Kf8 66. f6 Ra3 67. Rh2 Kg8 68. Rd2 1-0

[Event "Chigorin Memorial"]
[Site "St Petersburg"]
[Date "2015.10.09"]
[Round "7.93"]
[White "Turikov, Viktor"]
[Black "Pustovidko, Anastasia"]
[Result "0-1"]
[WhiteElo "2239"]
[BlackElo "2035"]
[PlyCount "118"]
[EventDate "2015.10.03"]
[EventRounds "9"]
[EventCountry "RUS"]

1. e4 c6 2. d4 d5 3. e5 Bf5 4. Nf3 e6 5. Be2 c5 6. O-O Nc6 7. Nc3 a6 8. Be3 c4
9. a3 Be7 10. Qd2 f6 11. Nh4 fxe5 12. Nxf5 exf5 13. dxe5 d4 14. Bxc4 dxe3 15.
Qxe3 Qd4 16. Qxd4 Nxd4 17. Rad1 O-O-O 18. Nd5 Bc5 19. b4 Ba7 20. c3 Nc6 21.
Rfe1 Nge7 22. Kf1 b5 23. Bb3 Nxd5 24. Bxd5 Ne7 25. Be6+ Kc7 26. c4 Rxd1 27.
Rxd1 Rd8 28. Rc1 bxc4 29. Bxc4 Kb7 30. Ke2 Rd4 31. Bd3 g6 32. g3 Rd8 33. f4 Rc8
34. Bc4 Kb6 35. Kd2 Rd8+ 36. Bd3 Nd5 37. Ke2 Kb7 38. Bc4 Ne3 39. Bf7 Rc8 40.
Rxc8 Kxc8 41. Bg8 h6 42. Bf7 g5 43. fxg5 hxg5 44. h4 gxh4 45. gxh4 Kd7 46. h5
Ke7 47. Bg8 Ng4 48. Bc4 a5 49. bxa5 Nxe5 50. Bd5 Kf6 51. a6 Kg5 52. Be6 f4 53.
Bd5 Kxh5 54. a4 Kg4 55. a5 f3+ 56. Kf1 Kg3 57. Ke1 Ng4 58. Kd2 Ne3 59. Bc6 Nc4+
0-1

[Event "Chigorin Memorial"]
[Site "St Petersburg"]
[Date "2015.10.09"]
[Round "7.94"]
[White "Dimitrova, Aleksandra"]
[Black "Oberholzer, Francois"]
[Result "1/2-1/2"]
[WhiteElo "2235"]
[BlackElo "2032"]
[PlyCount "81"]
[EventDate "2015.10.03"]
[EventRounds "9"]
[EventCountry "RUS"]

1. e4 c5 2. Nf3 Nc6 3. d4 cxd4 4. Nxd4 Nf6 5. Nc3 e5 6. Ndb5 d6 7. Bg5 a6 8.
Na3 b5 9. Nd5 Be7 10. Bxf6 Bxf6 11. c4 b4 12. Nc2 a5 13. g3 O-O 14. h4 a4 15.
b3 Be6 16. Bg2 axb3 17. axb3 Rxa1 18. Qxa1 Bxd5 19. cxd5 Nd4 20. Nxd4 exd4 21.
O-O Qa8 22. Qb1 Rc8 23. Rd1 g6 24. Bf1 Rc3 25. Kg2 Qc8 26. Be2 Qc5 27. Bc4 Bd8
28. Rd3 Bb6 29. Qd1 Qc7 30. f4 Kg7 31. Qe2 f6 32. g4 h6 33. Kf3 g5 34. hxg5
hxg5 35. Qd2 Qe7 36. Qh2 Qf7 37. Qa2 Qa7 38. Qxa7+ Bxa7 39. Rxc3 dxc3 40. Bd3
Kf7 41. f5 1/2-1/2

[Event "Chigorin Memorial"]
[Site "St Petersburg"]
[Date "2015.10.09"]
[Round "7.95"]
[White "Gorovenko, Darya"]
[Black "Royset, Pal"]
[Result "1-0"]
[WhiteElo "2024"]
[BlackElo "2234"]
[PlyCount "87"]
[EventDate "2015.10.03"]
[EventRounds "9"]
[EventCountry "RUS"]

1. d4 Nf6 2. Nf3 e6 3. g3 b5 4. Bg2 Bb7 5. O-O d5 6. a4 b4 7. c3 a5 8. cxb4
Bxb4 9. Bd2 Na6 10. Ne5 c5 11. dxc5 Nxc5 12. Bxb4 axb4 13. Nd3 Nxd3 14. Qxd3
Qb6 15. Nd2 Ba6 16. a5 Qa7 17. Qb3 O-O 18. Rfe1 Rab8 19. e3 Nd7 20. Bf1 Nc5 21.
Qc2 Rfe8 22. Bxa6 Qxa6 23. Nb3 Nd3 24. Qe2 Qc4 25. Red1 Nxf2 26. Qxc4 Nh3+ 27.
Kg2 dxc4 28. Kxh3 cxb3 29. a6 g6 30. a7 Ra8 31. Rd7 Kg7 32. Rf1 Rf8 33. Rf4 g5
34. Rxb4 Kf6 35. Rxb3 Rfc8 36. Rbb7 Ke5 37. Rxf7 h6 38. Rb6 Kd5 39. Rfb7 Rc6
40. Rd7+ Kc5 41. Rb8 Rc8 42. Rdb7 Kc6 43. Rb3 Kc7 44. Rc3+ 1-0

[Event "Chigorin Memorial"]
[Site "St Petersburg"]
[Date "2015.10.09"]
[Round "7.96"]
[White "Askerov, Marat"]
[Black "Martynyuk, Elizaveta"]
[Result "1-0"]
[WhiteElo "2232"]
[BlackElo "2031"]
[PlyCount "127"]
[EventDate "2015.10.03"]
[EventRounds "9"]
[EventCountry "RUS"]

1. d4 d5 2. c4 c6 3. Nf3 Nf6 4. Qc2 Bg4 5. Ne5 Bh5 6. Qb3 Qb6 7. c5 Qxb3 8.
axb3 Nbd7 9. f4 Nxe5 10. fxe5 Ne4 11. Nc3 Bg6 12. Bf4 e6 13. e3 Be7 14. Be2 O-O
15. Bf3 Nxc3 16. bxc3 a5 17. Kd2 b6 18. cxb6 Rfb8 19. Rhc1 Rxb6 20. Bd1 Be4 21.
g4 c5 22. Ra4 c4 23. b4 Rba6 24. Rca1 g5 25. Rxa5 Rxa5 26. Rxa5 Rb8 27. Bg3
Bxb4 28. cxb4 Rxb4 29. Ra2 Kg7 30. Kc3 Rb1 31. Bc2 Bxc2 32. Kxc2 Rg1 33. Kc3
Rd1 34. Rd2 Rb1 35. Re2 Rb3+ 36. Kc2 Ra3 37. Kb2 Rb3+ 38. Kc1 Rc3+ 39. Kd1 Ra3
40. Ke1 Rb3 41. Bf2 Rb1+ 42. Kd2 Rh1 43. Bg3 Ra1 44. Re1 Ra3 45. Ke2 Ra2+ 46.
Kf3 Rd2 47. Rc1 Rd3 48. Be1 Ra3 49. h4 h6 50. h5 Ra2 51. Bb4 Rh2 52. Be7 Rh3+
53. Kf2 Rh2+ 54. Kg3 Re2 55. Kf3 Ra2 56. Rb1 Ra8 57. Bf6+ Kg8 58. e4 Rc8 59.
exd5 exd5 60. Ke3 Kf8 61. Kd2 Ra8 62. Rb5 Kg8 63. Rxd5 Kh7 64. Rd7 1-0

[Event "Chigorin Memorial"]
[Site "St Petersburg"]
[Date "2015.10.09"]
[Round "7.97"]
[White "Abramov, Nikita"]
[Black "Kantyshev, Nikita"]
[Result "1-0"]
[WhiteElo "2222"]
[BlackElo "2030"]
[PlyCount "105"]
[EventDate "2015.10.03"]
[EventRounds "9"]
[EventCountry "RUS"]

1. c4 c5 2. Nf3 Nc6 3. Nc3 g6 4. g3 Bg7 5. Bg2 e6 6. d3 Nge7 7. O-O O-O 8. Bd2
d5 9. a3 b6 10. Rb1 Ba6 11. b4 cxb4 12. axb4 Bb7 13. b5 Nb8 14. cxd5 Nxd5 15.
d4 Nd7 16. Na2 f5 17. Ng5 Re8 18. e4 fxe4 19. Nxe4 N7f6 20. Bg5 Qd7 21. Nxf6+
Bxf6 22. Bxf6 Nxf6 23. Bxb7 Qxb7 24. Nb4 Ne4 25. Rc1 Rad8 26. Qe2 Ng5 27. Nc6
Rd5 28. Rfe1 Nf7 29. Qa2 Qd7 30. Qxa7 Qxa7 31. Nxa7 Rxd4 32. Rc6 Ng5 33. Kg2
Rf8 34. Re2 Rd1 35. f4 Nf7 36. Rcxe6 Nd6 37. Re7 Rd5 38. Rd7 Rf7 39. Rd8+ Rf8
40. Nc6 Rxd8 41. Ne7+ Kf7 42. Nxd5 Nxb5 43. Nxb6 Rd4 44. Rc2 h5 45. Nc4 Nd6 46.
Ne5+ Kf6 47. Rc6 g5 48. Nf3 Rd5 49. Nxg5 Rd2+ 50. Kh3 Kf5 51. Nf3 Rd5 52. Kg2
Kg4 53. Rc2 1-0